[Event "ICS Rated blitz match"]
[Site "207.99.83.227"]
[Date "1999.03.23"]
[Round "?"]
[White "Hossa"]
[Black "Gromit211"]
[Result "0-1"]
[WhiteElo "2393"]
[BlackElo "2538"]
[PlyCount "44"]

1. e4 g6 2. Be2 Bg7 3. Nc3 Nc6 4. Nf3 Nf6 5. d4 d5 6. exd5 Nxd5 7. Bb5 Bg4 8.
O-O O-O 9. Bxc6 bxc6 10. Na4 Nb6 11. Nc5 Qd5 12. c3 e5 13. Be3 e4 14. h3 Bh5
15. g4 exf3 16. b3 f5 17. c4 Qd6 18. gxh5 f4 19. Nb7 Qd7 20. Kh2 fxe3 21. fxe3
Rab8 22. hxg6 22... hxg6 {Hossa resigns} 0-1

[Event "ICS Rated blitz match"]
[Site "207.99.83.227"]
[Date "1999.03.23"]
[Round "?"]
[White "Gromit211"]
[Black "Hossa"]
[Result "0-1"]
[WhiteElo "2548"]
[BlackElo "2383"]
[PlyCount "346"]

1. c4 e5 2. Nc3 Nf6 3. e3 Be7 4. Nf3 Nc6 5. d4 exd4 6. Nxd4 O-O 7. Bd3 Bb4 8.
O-O Bxc3 9. bxc3 Ne5 10. e4 d6 11. Bg5 Bg4 12. f3 Bc8 13. Rb1 Nxd3 14. Qxd3 h6
15. Bh4 Re8 16. Nb5 Re6 17. Nd4 Re5 18. Nb5 g5 19. Bf2 a6 20. Bd4 Nd7 21. Na7
Rxa7 22. Bxa7 b6 23. Rfe1 Nc5 24. Qd4 Re8 25. Rbd1 Re6 26. h3 Bd7 27. Qd5 Ba4
28. Rd2 Qe8 29. Rb1 Bc6 30. Qd4 Nd7 31. Re1 f5 32. h4 fxe4 33. hxg5 exf3 34.
Rxe6 Qxe6 35. gxf3 Qe1+ 36. Kg2 Ne5 37. gxh6 Bxf3+ 38. Kh3 Bg4+ 39. Kg2 Bf3+
40. Kh3 Bg4+ 41. Kg2 Qh4 42. Rd3 Qxh6 43. Rg3 Qg6 44. c5 Qc2+ 45. Qf2 Qe4+ 46.
Kg1 bxc5 47. Qb2 Nf3+ 48. Rxf3 Qxf3 49. Qb8+ Qf8 50. Qxc7 Be6 51. Qb7 Qg7+ 52.
Qxg7+ Kxg7 53. Bb8 Bxa2 54. Bxd6 c4 55. Bb4 Kf6 56. Kf2 Ke5 57. Ke2 Bb3 58. Kd2
Kd5 59. Kc1 Kc6 60. Kb2 Kb5 61. Be7 Bd1 62. Bd6 a5 63. Bc7 Bf3 64. Kc2 Bd5 65.
Bd6 Bg2 66. Kb2 Be4 67. Be7 Bd3 68. Bf6 Bf5 69. Bd4 Be6 70. Be5 Bg4 71. Kc2
Bf5+ 72. Kb2 Be4 73. Bd6 Kb6 74. Be5 Bf3 75. Bd4+ Kb5 76. Be5 Bh1 77. Bd4 Be4
78. Bf6 Bd5 79. Be7 Be6 80. Bd6 Bg4 81. Kc2 Kc6 82. Be7 Kd5 83. Bf6 Bf3 84. Be7
Bg2 85. Kb2 Kc6 86. Ka3 Kb5 87. Kb2 Bd5 88. Bf8 Kc6 89. Be7 Bf3 90. Bf6 Bg2 91.
Bd8 a4 92. Ka3 Kb5 93. Be7 Bf3 94. Bf8 Bc6 95. Bb4 Bh1 96. Kb2 Bg2 97. Bf8 Bc6
98. Ka2 Bd7 99. Kb2 Be6 100. Bd6 Kc6 101. Be7 Kd5 102. Ka3 Bd7 103. Kb4 Bc6
104. Bf6 Bb5 105. Bg5 Be8 106. Bf6 Bc6 107. Bg5 Bb7 108. Kxa4 Bc6+ 109. Kb4 Bd7
110. Bf6 Bf5 111. Be5 Bc2 112. Kb5 Bd1 113. Bd4 Bf3 114. Kb4 Be4 115. Kb5 Bd3
116. Bc5 Bh7 117. Bd4 Be4 118. Kb4 Bd3 119. Bc5 Bc2 120. Bb6 Bd1 121. Ba7 Be2
122. Be3 Bg4 123. Bd4 Bf3 124. Bc5 Bg2 125. Bd4 Bh3 126. Be5 Bf1 127. Bd4 Kd6
128. Bc5+ Ke5 129. Bd4+ Kd5 130. Bc5 Ke4 131. Bb6 Bd3 132. Kc5 Ke5 133. Bc7+
Ke6 134. Kd4 Kf6 135. Bd6 Kg6 136. Ke5 Bf5 137. Kd5 Bd3 138. Be5 Kf5 139. Kd4
Kg5 140. Kd5 Kg4 141. Bf6 Kf4 142. Kd4 Kg3 143. Be5+ Kf2 144. Kc5 Kg2 145. Bd6
Kf3 146. Kd4 Be2 147. Be5 Bd3 148. Bd6 Be2 149. Be5 Bf1 150. Bb8 Kg2 151. Ke3
Bd3 152. Bd6 Kh3 153. Kd4 Kh4 154. Bf4 Kh5 155. Bc7 Kg5 156. Bd8+ Kf5 157. Be7
Ke6 158. Bd6 Kxd6 159. Ke3 Ke5 160. Kf3 Bc2 161. Ke3 Bd1 162. Kd2 Ke4 163. Kc1
Kd3 164. Kxd1 Kxc3 165. Ke2 Kb2 166. Kd2 c3+ 167. Ke2 c2 168. Kd2 c1=Q+ 169.
Ke2 Qf4 170. Kd3 Kb3 171. Ke2 Kc3 172. Ke1 Kd3 173. Kd1 173... Qf1# {
Gromit211 checkmated} 0-1

[Event "ICS Rated blitz match"]
[Site "207.99.83.227"]
[Date "1999.03.23"]
[Round "?"]
[White "Hossa"]
[Black "Gromit211"]
[Result "0-1"]
[WhiteElo "2406"]
[BlackElo "2525"]
[Annotator "Crafty v16.6"]
[PlyCount "79"]

{annotating for player Hossa using a scoring margin of +0.10 pawns. search
time limit is 12.00} 1. e4 1... g6 2. Be2 Nc6 3. Nf3 Nf6 4. e5 Ng4 5. d4 d6 6.
exd6 cxd6 7. d5 Nce5 8. Bb5+ ({8:+0.10} 8. Bb5+ 8... Bd7 9. Nxe5 Nxe5 10. Be2
f6 11. O-O Bg7 12. Nc3 12... O-O $10) ({8:+0.24} 8. Nd4 8... Nf6 9. Bb5+ Bd7
10. f4 Neg4 11. Bxd7+ Qxd7 12. h3 Nh6 13. Nc3 $10) 8... Bd7 9. Bxd7+ ({8:+0.00
} 9. Bxd7+ 9... Qxd7 10. Nxe5 Nxe5 11. Nc3 Bg7 12. O-O O-O 13. Bg5 Nc4 14. Rb1
Bxc3 15. bxc3 $10) ({8:+0.14} 9. Nxe5 9... Nxe5 10. Be2 Qa5+ 11. Nc3 Bg7 12.
O-O O-O 13. Bg5 13... Qd8 $10) 9... Qxd7 10. Nxe5 Nxe5 11. f4 ({10:-0.30} 11.
f4 11... Ng4 12. Qd4 Nf6 13. Nc3 Bg7 14. Bd2 Qg4 15. Qa4+ Kf8 16. O-O $10) ({
10:-0.05} 11. O-O 11... Bg7 12. Re1 Qf5 13. Nc3 Rc8 14. Qe2 O-O 15. Qe4 15...
Qxe4 $10) 11... Ng4 12. Nc3 Bg7 13. Ne4 ({8:-0.80} 13. Ne4 13... O-O 14. O-O
Rac8 15. c3 Qf5 16. Qd3 16... Rfd8 $17) ({8:-0.57} 13. Qd3 13... Bxc3+ 14. bxc3
O-O 15. O-O e6 16. Ba3 Rae8 17. Rae1 exd5 18. Qxd5 $15) 13... Rc8 14. O-O h5
15. Re1 Qc7 16. c3 Qb6+ 17. Kh1 Rc4 18. Be3 Nxe3 19. Qd3 f5 20. Nd2 Ng4 21. Qe2
Rc7 22. Nc4 Qc5 23. Ne3 Bf6 24. Nxg4 hxg4 25. Qe6 g3 26. Re3 Rxh2+ 27. Kg1 Kf8
28. Rf1 Kg7 29. Rff3 Bh4 30. b3 Qa3 31. Re2 Qc1+ 32. Re1 Qc2 33. Qe2 Rxc3 34.
Rxc3 Qxc3 35. Qe6 Qd4+ 36. Qe3 Qxd5 37. Qe2 Bf6 38. Qf3 Bd4+ 39. Re3 Bxe3+ 40.
Kf1 0-1

[Event "ICS Rated blitz match"]
[Site "207.99.83.227"]
[Date "1999.03.23"]
[Round "?"]
[White "Gromit211"]
[Black "Hossa"]
[Result "1/2-1/2"]
[WhiteElo "2536"]
[BlackElo "2395"]
[PlyCount "88"]

1. e4 e5 2. c4 Nf6 3. d4 exd4 4. Nf3 Nxe4 5. Qxd4 Bb4+ 6. Nc3 Qe7 7. Kd1 Bxc3
8. bxc3 f5 9. Kc2 Nc6 10. Qe3 f4 11. Qxf4 Nxf2 12. Rg1 d6 13. Nd4 Rf8 14. Nxc6
bxc6 15. Qg5 Bf5+ 16. Kb3 Qe5 17. Qe3 Be4 18. Be2 Rf5 19. a4 Qxh2 20. Bg4 Rf6
21. Bd2 Kf8 22. Bf3 Bxf3 23. gxf3 Kg8 24. Raf1 Nh3 25. Rg4 Raf8 26. Kc2 h5 27.
Rh4 Qg3 28. Qe4 Nf2 29. Rxf2 Qxf2 30. Rxh5 Qxf3 31. Qh7+ Kf7 32. Rg5 Rg8 33.
Ra5 Qf2 34. Qe4 Qb6 35. Rf5 Rb8 36. Rxf6+ Kxf6 37. Qf3+ Kg6 38. Qe4+ Kf7 39.
Qf5+ Kg8 40. Qe6+ Kf8 41. Qf5+ Ke8 42. Qe6+ Kf8 43. Qf5+ Ke8 44. Qe6+ 44... Kf8
{Game drawn by repetition} 1/2-1/2

[Event "ICS Rated blitz match"]
[Site "207.99.83.227"]
[Date "1999.03.23"]
[Round "?"]
[White "Hossa"]
[Black "Gromit211"]
[Result "0-1"]
[WhiteElo "2401"]
[BlackElo "2530"]
[Annotator "Crafty v16.6"]
[PlyCount "109"]

{annotating for player Hossa using a scoring margin of +0.10 pawns. search
time limit is 12.00} 1. e4 1... c5 2. Bc4 e6 3. Nc3 a6 4. a4 ({8:+0.14} 4. a4
4... Nf6 5. Nf3 d5 6. exd5 exd5 7. Be2 d4 8. Na2 $10) ({8:+0.35} 4. Nf3 4...
Nc6 5. d4 b5 6. Bb3 c4 7. Bg5 7... Nf6 $14) 4... Nf6 5. e5 d5 6. exf6 dxc4 7.
fxg7 Bxg7 8. Nf3 Nc6 9. O-O e5 10. Ne4 f5 11. Ng3 e4 12. Qe2 Qe7 13. Ne1 Nd4
14. Qh5+ Qf7 15. Qxf7+ Kxf7 16. d3 exd3 17. cxd3 h5 18. h4 Be6 19. Bg5 b6 20.
Rd1 b5 21. Ra1 Kg6 22. Bf4 Rhe8 23. axb5 axb5 24. Rxa8 Rxa8 25. Bd6 Nb3 26. Ne2
Kf7 27. Nf4 Bxb2 28. Nf3 Bf6 29. Re1 Re8 30. dxc4 Bxc4 31. Rxe8 Kxe8 32. Nxh5
Bc3 33. Be5 Nc1 34. Ng7+ Kf8 35. Nxf5 Ne2+ 36. Kh2 Be6 37. Ng3 Bxe5 38. Nxe5
Nc3 39. f3 Kg8 40. f4 c4 41. Nh5 Ne2 42. g4 c3 43. Nf6+ Kf8 44. f5 c2 45. Nd3
Bc4 46. Nd7+ Kg8 47. N7e5 Bxd3 48. Nxd3 b4 49. f6 b3 50. g5 b2 51. Nxb2 c1=Q
52. Kg2 Qxb2 53. Kf3 Ng1+ 54. Kg3 Kh7 55. Kg4 0-1

[Event "ICS Rated blitz match"]
[Site "207.99.83.227"]
[Date "1999.03.23"]
[Round "?"]
[White "Gromit211"]
[Black "Hossa"]
[Result "1-0"]
[WhiteElo "2540"]
[BlackElo "2391"]
[Annotator "Crafty v16.6"]
[PlyCount "103"]

{annotating for player Hossa using a scoring margin of +0.10 pawns. search
time limit is 12.00} 1. c4 1... e5 2. Nc3 Nf6 3. Nf3 Nc6 4. a3 d5 5. cxd5 Nxd5
6. e4 Nxc3 7. bxc3 Qd7 ({8:+0.03} 7... Qd7 8. Bb5 Bd6 9. d4 a6 10. dxe5 Bxe5
11. Nxe5 Qxd1+ 12. Kxd1 axb5 13. Nxc6 13... bxc6 $10) ({8:+0.21} 7... Qd6 8.
Bb5 Be7 9. d3 O-O 10. c4 Nd4 11. Nxd4 11... Qxd4 $10) 8. Bb5 Qd6 ({9:-0.31} 
8... Qd6 9. a4 Be7 10. Ba3 Qg6 11. Bxe7 Kxe7 12. Bxc6 bxc6 13. O-O 13... Qxe4
$14) ({9:-0.10} 8... Bd6 9. O-O a6 10. Qa4 O-O 11. d4 Re8 12. Rd1 12... exd4
$10) 9. d3 Qc5 ({8:-0.46} 9... Qc5 10. c4 Bd7 11. Be3 Qe7 12. O-O O-O-O 13. c5
$14) ({8:-0.11} 9... a6 10. Qa4 Bd7 11. Bc4 Be7 12. Qb3 O-O 13. Qxb7 $10) 10.
c4 Bd7 11. Be3 Qe7 12. O-O O-O-O ({8:-1.63} 12... O-O-O 13. Qa4 Be8 14. Bxa7
Rxd3 15. Be3 Kb8 16. c5 $18) ({8:-0.63} 12... f6 13. Qb3 Qf7 14. Rab1 Bd6 15.
Ba4 Na5 16. Bxd7+ Qxd7 17. Qc3 $14) 13. c5 a6 14. Ba4 Qe6 15. Qe2 Qe8 ({8:-1.66
} 15... Qe8 16. Qb2 Kb8 17. Rab1 Bc8 18. Bxc6 Qxc6 19. Nxe5 Qe6 20. Qc3 $18) ({
8:-0.70} 15... f6 16. Rab1 Na5 17. Bxd7+ Rxd7 18. Qd2 Nc6 19. Qb2 Na5 20. Qb4
$14) 16. Qb2 f6 17. Rab1 Na5 18. Bxd7+ Qxd7 19. Bd2 Qc6 20. Bxa5 Rxd3 21. Rfc1
Qxe4 22. Qc2 Be7 23. c6 b5 24. a4 Qd5 25. Rd1 e4 26. Ne1 Rxd1 27. Rxd1 Qe5 28.
Bc3 Qe6 29. Rd4 e3 30. fxe3 Qxc6 31. Nf3 Qe6 32. Kh1 c5 33. Re4 Qf5 34. Ba5 g6
35. Kg1 Qd7 36. Rd4 Qe6 37. e4 Kb8 38. Rd5 b4 39. Nd4 Qc8 40. Nb3 c4 41. Nd2 c3
42. Nb3 Ka8 43. Qd3 Re8 44. Rd7 Bc5+ 45. Kh1 Be3 46. Rc7 Qxc7 47. Bxc7 Kb7 48.
Qd7 Re7 49. Na5+ Ka7 50. Bb6+ Kxb6 51. Nc4+ Kc5 52. Qd5# 1-0

[Event "ICS rated blitz match"]
[Site "207.99.83.227"]
[Date "1999.03.23"]
[Round "?"]
[White "Hossa"]
[Black "Su"]
[Result "1-0"]
[WhiteElo "2384"]
[BlackElo "2203"]
[PlyCount "27"]

1. e4 c5 2. Bc4 e6 3. Nc3 Ne7 4. Nf3 d5 5. exd5 exd5 6. Bb5+ Bd7 7. Bxd7+ Nxd7
8. d4 c4 9. O-O g6 10. Re1 Nf6 11. b3 cxb3 12. cxb3 Qd7 13. Ne5 Qf5 14. Nb5 {
Su resigns} 1-0

[Event "ICS rated blitz match"]
[Site "207.99.83.227"]
[Date "1999.03.23"]
[Round "?"]
[White "Hossa"]
[Black "j724"]
[Result "1-0"]
[WhiteElo "2392"]
[BlackElo "2124"]
[PlyCount "33"]

1. e4 d6 2. d4 Nf6 3. Nc3 g6 4. Nf3 Bg7 5. Bb5+ c6 6. Be2 O-O 7. O-O Nbd7 8.
Bf4 Re8 9. Qd3 Qc7 10. Rad1 e5 11. dxe5 dxe5 12. Bg5 Nc5 13. Qc4 Ne6 14. Bh4
Nf4 15. Bxf6 Bxf6 16. Nd5 Qd8 17. Nxf4 {j724 resigns} 1-0

[Event "ICS rated blitz match"]
[Site "207.99.83.227"]
[Date "1999.03.23"]
[Round "?"]
[White "NobleLeader"]
[Black "Hossa"]
[Result "0-1"]
[WhiteElo "2190"]
[BlackElo "2411"]
[PlyCount "82"]

1. d4 Nf6 2. c4 g6 3. Nc3 Bg7 4. e4 d6 5. Nf3 Bg4 6. Be2 O-O 7. O-O Nc6 8. Re1
e5 9. d5 Bxf3 10. Bxf3 Nd4 11. Be3 Ne8 12. g3 Nxf3+ 13. Qxf3 f5 14. Ne2 fxe4
15. Qxe4 Qd7 16. Rab1 Qh3 17. Qg2 Qxg2+ 18. Kxg2 Nf6 19. b4 b5 20. cxb5 Nxd5
21. Rec1 a5 22. bxa6 Rxa6 23. Rb2 Ra3 24. Bg5 h6 25. Bd2 Rfa8 26. Nc3 Nxc3 27.
Rxc3 Rxa2 28. Rcc2 Rxb2 29. Rxb2 Kh7 30. Rc2 Ra7 31. Be3 Rb7 32. Rb2 d5 33. Rb1
d4 34. Bd2 c5 35. b5 c4 36. b6 c3 37. Rb5 cxd2 38. Rb1 Rxb6 39. Rd1 Rb2 40. Kf1
d3 41. f3 41... Bf8 {NobleLeader resigns} 0-1

[Event "ICS rated blitz match"]
[Site "207.99.83.227"]
[Date "1999.03.23"]
[Round "?"]
[White "Hossa"]
[Black "inmortal"]
[Result "1/2-1/2"]
[WhiteElo "2418"]
[BlackElo "2360"]
[PlyCount "87"]

1. e4 e5 2. Nf3 Nc6 3. Bb5 a6 4. Ba4 Nf6 5. d3 Bc5 6. Bxc6 dxc6 7. O-O Bg4 8.
Bg5 h6 9. Be3 Bxe3 10. fxe3 Qe7 11. Nc3 O-O-O 12. Qc1 Kb8 13. a4 a5 14. Nd2 Bc8
15. Nb3 b6 16. Nd2 c5 17. Nf3 Ne8 18. Nd5 Qe6 19. c4 Bb7 20. Qc3 f6 21. Rac1
Nd6 22. Qb3 Nc8 23. Nh4 Rd7 24. Nf5 Rhd8 25. Rf3 Ka7 26. Rg3 g5 27. Rd1 c6 28.
Nc3 Rxd3 29. Rxd3 Rxd3 30. Nb5+ cxb5 31. Qxd3 bxc4 32. Qd8 Bxe4 33. Nxh6 Nd6
34. Ng8 Qd5 35. Qxf6 Nf5 36. Rf3 Bxf3 37. gxf3 Qxf3 38. Qf7+ Ka6 39. Qxc4+ Kb7
40. Qf7+ Ka6 41. Qc4+ Kb7 42. Qf7+ Ka6 43. Qc4+ Kb7 44. Qf7+ {
Game drawn by repetition} 1/2-1/2

[Event "ICS rated blitz match"]
[Site "207.99.83.227"]
[Date "1999.03.23"]
[Round "?"]
[White "inmortal"]
[Black "Hossa"]
[Result "0-1"]
[WhiteElo "2363"]
[BlackElo "2420"]
[PlyCount "54"]

1. e4 c5 2. Nc3 Nc6 3. g3 Nf6 4. Bg2 e5 5. d3 Be7 6. Bg5 Nxe4 7. Bxe7 Nxc3 8.
Bxd8 Nxd1 9. Bc7 Nxb2 10. a4 Nb4 11. Kd2 e4 12. Bxe4 d5 13. Bg2 Bd7 14. Re1+
Be6 15. Ra1 Bf5 16. Be5 N2xd3 17. cxd3 Nxd3 18. Nf3 f6 19. Bd6 Nxf2 20. Rhe1+
Ne4+ 21. Rxe4+ dxe4 22. Nh4 Bg4 23. Bxc5 g5 24. h3 Be6 25. Bxe4 gxh4 26. Bxb7
Rd8+ 27. Ke3 27... hxg3 {inmortal resigns} 0-1

[Event "ICS rated bullet match"]
[Site "207.99.83.227"]
[Date "1999.03.23"]
[Round "?"]
[White "sienna"]
[Black "Hossa"]
[Result "1-0"]
[WhiteElo "2767"]
[BlackElo "2445"]
[Annotator "Crafty v16.6"]
[PlyCount "47"]

{annotating for player Hossa using a scoring margin of +0.10 pawns. search
time limit is 12.00} 1. e4 1... e5 2. Nf3 Nc6 3. Bb5 a6 4. Ba4 Nf6 5. O-O b5 6.
Bb3 Be7 ({9:-0.50} 6... Be7 7. a4 Bb7 8. axb5 axb5 9. Rxa8 Bxa8 10. Qe2 O-O 11.
Qxb5 11... Ng4 $14) ({9:-0.38} 6... Bd6 7. d3 O-O 8. Nc3 Na5 9. Bg5 Nxb3 10.
axb3 Bb7 11. Nd5 $14) 7. Re1 Bb7 ({9:-0.57} 7... Bb7 8. d4 exd4 9. e5 Ng4 10.
h3 Nh6 11. Bxh6 gxh6 12. Nxd4 $14) ({9:-0.33} 7... O-O 8. Nc3 Ng4 9. Ng5 Bxg5
10. Qxg4 Nd4 11. d3 11... Bh4 $14) 8. c3 O-O 9. d4 exd4 10. e5 Ne8 11. cxd4 Na5
({8:-0.49} 11... Na5 12. Bc2 Nc4 13. Qd3 g6 14. Nc3 c5 15. d5 $14) ({8:-0.35} 
11... Bb4 12. Nc3 Na5 13. Bc2 Bxc3 14. bxc3 Nc4 15. Bg5 15... Qc8 $14) 12. Bc2
b4 ({8:-0.87} 12... b4 13. Qd3 f5 14. d5 g5 15. Be3 g4 16. Nfd2 $16) ({8:-0.55
} 12... Nc4 13. Qd3 g6 14. b3 Bb4 15. Nc3 Bxf3 16. Qxf3 Bxc3 17. Qxc3 $14) 13.
Qd3 f5 14. exf6 Nxf6 15. Ng5 h6 16. Nh7 Rf7 17. Qg6 Nc6 18. Bxh6 Nxd4 19. Nxf6+
Kf8 20. Qh7 Ne2+ 21. Rxe2 Rxf6 22. Qxg7+ Ke8 23. Qg8+ Rf8 24. Bg6# 1-0

[Event "ICS rated blitz match"]
[Site "207.99.83.227"]
[Date "1999.03.23"]
[Round "?"]
[White "Hossa"]
[Black "Diepeveen"]
[Result "0-1"]
[WhiteElo "2456"]
[BlackElo "2329"]
[Annotator "Crafty v16.6"]
[PlyCount "169"]

{annotating for player Hossa using a scoring margin of +0.10 pawns. search
time limit is 12.00} 1. e4 1... c6 2. Nc3 d6 3. Nf3 e6 4. Be2 d5 5. exd5 cxd5
6. O-O ({8:+0.32} 6. O-O 6... f5 7. Na4 Qc7 8. c4 dxc4 9. Qc2 9... b5 $14) ({
8:+0.52} 6. Bb5+ 6... Nd7 7. O-O Ngf6 8. Re1 Be7 9. d3 O-O 10. Bf4 $14) 6...
Nc6 7. d4 Nf6 8. Bf4 Be7 9. Nb5 O-O 10. Bc7 ({8:+0.05} 10. Bc7 10... Qe8 11.
Bg3 Qd8 12. Nc7 Rb8 13. Ng5 13... Ng4 $10) ({8:+0.18} 10. Ne5 10... Nxe5 11.
Bxe5 Bd7 12. Bd3 Bc6 13. Re1 Nd7 14. Bf4 $10) 10... Qd7 11. Ne5 Nxe5 12. Bxe5
a6 13. Nc7 ({9:-1.98} 13. Nc7 13... Ra7 14. g4 Bd6 15. g5 Ne4 16. f3 Nxg5 17.
Bxd6 17... Qxd6 $19) ({9:+0.07} 13. Nc3 13... Bd6 14. Qc1 Qc7 15. Bxf6 gxf6 16.
Qh6 Bf4 17. Qxf6 Bxh2+ 18. Kh1 18... Bf4 $10) 13... Ra7 14. Qd2 Bd8 15. Qf4 ({
8:-2.54} 15. Qf4 15... b5 16. Nxe6 Qxe6 17. Rae1 Re8 18. Qg5 18... Rd7 $19) ({
8:-2.24} 15. Bd3 15... h6 16. Qf4 b5 17. Qf3 Rxc7 18. Bxc7 18... Bxc7 $19)
15... b6 16. Nxe6 fxe6 17. Rac1 b5 18. Rcd1 Bc7 19. Qh4 Qf7 20. Bd3 g6 21. Rde1
Bxe5 22. Rxe5 Nd7 23. Ree1 Qf6 24. Qh6 Rf7 25. c3 Nf8 26. Re5 Rae7 27. f4 Bb7
28. Kh1 Nd7 29. Re3 Nb6 30. Re5 Nc4 31. Re2 Bc6 32. b3 Nd6 33. Re3 Nf5 34. Bxf5
exf5 35. Re5 Rxe5 36. fxe5 Qe7 37. Kg1 Bd7 38. Kh1 Be6 39. Kg1 Qf8 40. Qf4 h6
41. Qh4 g5 42. Qh5 Kh7 43. Rf2 f4 44. Qf3 Qg7 45. Qh5 Qg6 46. Qxg6+ Kxg6 47.
Rf3 Kf5 48. a3 a5 49. Rh3 Rh7 50. Rf3 Ke4 51. b4 axb4 52. axb4 Rc7 53. h3 Ra7
54. Kh2 Ra2 55. Kg1 Re2 56. Rf1 Kd3 57. Rc1 Rc2 58. Ra1 Kxc3 59. Ra6 Bf5 60.
Rxh6 Kxd4 61. e6 Re2 62. Rh5 Rxe6 63. Rxg5 Be4 64. Rg7 Kc4 65. Kf1 Bd3+ 66. Kf2
Kxb4 67. Rf7 Re4 68. h4 Kc3 69. h5 Re5 70. h6 Rh5 71. Rxf4 Rxh6 72. Rf8 b4 73.
g4 Rg6 74. Kf3 b3 75. Rc8+ Bc4 76. Ke3 d4+ 77. Kf4 b2 78. Rb8 Bb3 79. Rc8+ Kd3
80. Kf5 Rg7 81. g5 b1=Q 82. g6 Kd2+ 83. Kg5 Qxg6+ 84. Kf4 Qf6+ 85. Ke4 0-1

[Event "ICS rated blitz match"]
[Site "207.99.83.227"]
[Date "1999.03.23"]
[Round "?"]
[White "Diepeveen"]
[Black "Hossa"]
[Result "1-0"]
[WhiteElo "2351"]
[BlackElo "2434"]
[Annotator "Crafty v16.6"]
[PlyCount "117"]

{annotating for player Hossa using a scoring margin of +0.10 pawns. search
time limit is 12.00} 1. c3 1... Nf6 2. d4 e6 3. Bg5 Be7 4. e3 O-O ({8:-0.15} 
4... O-O 5. Bd3 h6 6. Bxf6 Bxf6 7. f4 c5 8. Nf3 cxd4 9. cxd4 $10) ({8:+0.01} 
4... c5 5. Bxf6 Bxf6 6. dxc5 Be7 7. Qd4 O-O 8. Bb5 8... Bh4 $10) 5. Nd2 Nc6 6.
Bd3 e5 7. Qc2 h6 8. h4 exd4 9. exd4 Re8 10. O-O-O hxg5 ({8:-0.29} 10... hxg5
11. hxg5 Ng4 12. Bh7+ Kf8 13. Bf5 Nh2 14. Rxh2 14... Bxg5 $10) ({8:+0.34} 10...
d5 11. Bxf6 Bxf6 12. Ngf3 Be6 13. Bh7+ Kh8 14. Bf5 Qd7 15. Bxe6 15... Qxe6 $15)
11. hxg5 d5 12. gxf6 Bxf6 13. Ngf3 Bg5 14. Nxg5 Qxg5 15. Kb1 Qxg2 16. Rdg1 Qxf2
17. Rf1 Qg3 18. Rhg1 Qh4 19. Nf3 Qh6 20. Rh1 Qd6 21. Ng5 Be6 22. Bg6 f5 23.
Bxf5 g6 24. Bxg6 Bf5 25. Bf7+ Kf8 26. Qxf5 Re5 27. dxe5 Qxe5 28. Bxd5+ Ke7 29.
Rh7+ Kd6 30. Qxe5+ Nxe5 31. Bxb7 Kc5 32. Rf5 Re8 33. Nf3 Kb6 34. Nxe5 Kxb7 35.
Rff7 Rc8 36. Rxc7+ Rxc7 37. Rxc7+ Kxc7 38. c4 Kd6 39. Nd3 Kd7 40. b4 Kc7 41. a4
Kb7 42. a5 Kc8 43. b5 Kd8 44. b6 Kc8 45. c5 Kb7 46. Nb4 Ka8 47. a6 Kb8 48. Nc6+
Kc8 49. b7+ Kd7 50. b8=Q Ke6 51. Qxa7 Kf6 52. Qe7+ Kf5 53. Nd4+ Kf4 54. Kc2 Kg4
55. Qf8 Kh4 56. Qg8 Kh5 57. Nf3 Kh6 58. a7 Kh5 59. Qg5# 1-0

[Event "ICS rated bullet match"]
[Site "207.99.83.227"]
[Date "1999.03.23"]
[Round "?"]
[White "power"]
[Black "Hossa"]
[Result "0-1"]
[WhiteElo "2466"]
[BlackElo "2441"]
[PlyCount "86"]

1. f3 Nf6 2. g3 e5 3. Bg2 Bc5 4. e3 O-O 5. Ne2 d5 6. b3 d4 7. Bb2 dxe3 8. d3
Nc6 9. a3 Bf5 10. Nbc3 Qe7 11. O-O Rad8 12. Kh1 Qe6 13. Re1 Bh3 14. b4 Bxg2+
15. Kxg2 Bd4 16. Rb1 Ne7 17. Qc1 Bxc3 18. Bxc3 Ned5 19. Qb2 Rde8 20. Rbc1 Kh8
21. Rcd1 Nxc3 22. Qxc3 Nd5 23. Qb2 Qf6 24. c4 Ne7 25. Qc1 Nf5 26. Nc3 c6 27.
Ne4 Qh6 28. Re2 Rd8 29. Ree1 b6 30. Re2 Rd4 31. Ree1 Rfd8 32. Qc2 R4d7 33. Qc3
Nd4 34. Qc1 e2 35. Rd2 Nb3 36. Rdxe2 Nxc1 37. Re3 Rxd3 38. Rxd3 Nxd3 39. Re2
Qc1 40. Rd2 Ne1+ 41. Kf1 Nxf3+ 42. Ke2 Nxd2 43. Ke3 43... Qe1# {
power checkmated} 0-1

[Event "ICS rated blitz match"]
[Site "207.99.83.227"]
[Date "1999.03.23"]
[Round "?"]
[White "latinos"]
[Black "Hossa"]
[Result "1-0"]
[WhiteElo "2710"]
[BlackElo "2414"]
[Annotator "Crafty v16.6"]
[PlyCount "110"]

{annotating for player Hossa using a scoring margin of +0.10 pawns. search
time limit is 12.00} 1. d4 1... Nf6 2. c4 g6 3. Nc3 Bg7 4. Nf3 O-O ({8:-0.29} 
4... O-O 5. e4 c6 6. Be2 d5 7. e5 Ng4 8. O-O dxc4 9. Bxc4 $10) ({8:-0.18} 4...
d5 5. e3 Nc6 6. Ne5 dxc4 7. Nxc6 bxc6 8. Bxc4 8... O-O $10) 5. e4 c6 ({9:-0.33
} 5... c6 6. Bd3 d5 7. cxd5 cxd5 8. e5 Ng4 9. O-O Nc6 10. Bg5 $14) ({9:-0.21} 
5... c5 6. dxc5 Nc6 7. Be2 Qa5 8. O-O Qxc5 9. Be3 9... Qh5 $10) 6. e5 Ng4 7. h3
Nh6 8. Be2 d6 9. Bg5 f6 10. exf6 exf6 11. Bf4 Nf5 ({9:-0.40} 11... Nf5 12. O-O
Na6 13. d5 c5 14. Re1 Re8 15. Qd3 15... Bd7 $14) ({9:-0.17} 11... g5 12. Bc1
Re8 13. Nh2 Bf5 14. O-O Nd7 15. Ng4 Nxg4 16. Bxg4 $10) 12. O-O Re8 13. Bd3 Qb6
({8:-0.67} 13... Qb6 14. Re1 Rxe1+ 15. Qxe1 Bf8 16. Na4 Qd8 17. Qe4 d5 18. cxd5
Qxd5 19. Qxd5+ 19... cxd5 $14) ({8:-0.38} 13... Na6 14. Qb3 Re7 15. Qa3 Bh6 16.
Bxh6 Nxh6 17. c5 Nf7 18. Bxa6 bxa6 19. cxd6 19... Nxd6 $14) 14. Re1 Rxe1+ 15.
Qxe1 Qd8 16. Qe2 Bd7 17. g4 Nh6 18. Bxd6 Bxg4 19. Be7 Qd7 20. hxg4 Qxg4+ 21.
Kh1 Nf7 22. Rg1 Qh3+ 23. Nh2 Nd7 24. Rg3 Qh4 25. Qe3 Bh6 26. Qe6 Qxd4 27. Nf3
Qxd3 28. Ng5 Qf1+ 29. Rg1 Qxg1+ 30. Kxg1 Bxg5 31. Qxd7 Rb8 32. Qc7 Re8 33. Qxb7
h5 34. Ne4 a5 35. Qd7 Rb8 36. Qxc6 Kh7 37. Qe6 Nh8 38. Bxf6 Bxf6 39. Nxf6+ Kg7
40. Ne8+ Kh6 41. c5 Rb7 42. c6 Rf7 43. Qe5 Kh7 44. c7 Rd7 45. c8=Q Rd1+ 46. Kg2
Kh6 47. Qcf5 gxf5 48. Qf6+ Ng6 49. f4 Rd2+ 50. Kf3 Rd3+ 51. Ke2 Rd7 52. Qg5+
Kh7 53. Nf6+ Kg7 54. Nxd7 Kf7 55. Qxf5+ Kg7 1-0

[Event "ICS rated blitz match"]
[Site "207.99.83.227"]
[Date "1999.03.23"]
[Round "?"]
[White "Hossa"]
[Black "sombra"]
[Result "1-0"]
[WhiteElo "2409"]
[BlackElo "2367"]
[PlyCount "107"]

1. e4 d6 2. d4 Nf6 3. Nc3 c6 4. Be2 Qa5 5. Bd2 Qb6 6. Nf3 Bg4 7. Na4 Qc7 8. Bd3
e5 9. dxe5 dxe5 10. h3 Bh5 11. g4 Bg6 12. Qe2 Be7 13. g5 Nh5 14. Nh4 Nd7 15.
Nxg6 hxg6 16. O-O-O Nf4 17. Bxf4 exf4 18. h4 Ne5 19. Qf1 O-O-O 20. Be2 Kb8 21.
Nc3 Qa5 22. Rxd8+ Rxd8 23. Rh3 Bb4 24. Kb1 Rd2 25. a3 Bxc3 26. Rxc3 Qd8 27. Qe1
Rd4 28. f3 f6 29. Kc1 fxg5 30. hxg5 Qxg5 31. Qf2 Qd8 32. Rc5 Qd6 33. Ra5 b6 34.
Ra6 g5 35. Qe1 g4 36. c3 Nd3+ 37. Bxd3 Rxd3 38. fxg4 Re3 39. Qf1 Rxe4 40. Qf3
Re1+ 41. Kc2 g5 42. b3 Rg1 43. Ra4 Rg3 44. Qe2 Re3 45. Qa6 Qg6+ 46. Kb2 Qf7 47.
Rd4 Qc7 48. Qc4 Kb7 49. b4 f3 50. Rd2 Qf4 51. Rd7+ Kb8 52. Qg8+ Qf8 53. Qxf8+
Re8 54. Qxe8# {sombra checkmated} 1-0

[Event "ICS Rated blitz match"]
[Site "207.99.83.227"]
[Date "1999.03.23"]
[Round "?"]
[White "sombra"]
[Black "Hossa"]
[Result "1/2-1/2"]
[WhiteElo "2353"]
[BlackElo "2423"]
[PlyCount "82"]

1. e4 d6 2. d4 Nf6 3. Nc3 Nbd7 4. f4 e6 5. Nf3 Be7 6. Bd3 O-O 7. O-O b6 8. e5
Ne8 9. Ne4 Bb7 10. c3 Rc8 11. Neg5 Bxf3 12. Qxf3 Bxg5 13. fxg5 dxe5 14. Bxh7+
Kxh7 15. Qh5+ Kg8 16. Rf3 g6 17. Qh6 Ng7 18. Rh3 Nh5 19. g4 f5 20. gxh5 Kf7 21.
hxg6+ Ke7 22. Qh7+ Kd6 23. dxe5+ Kc6 24. g7 Rg8 25. Bf4 Qe7 26. Qh5 Kb7 27.
Qf3+ Kb8 28. Rd1 Rxg7 29. Rg3 Rh8 30. Rg2 Qc5+ 31. Kh1 Nxe5 32. Bxe5 Qxe5 33.
Qg3 Qxg3 34. Rxg3 e5 35. Re1 Rgh7 36. Rg2 e4 37. Rf1 Rd8 38. Rxf5 Rd1+ 39. Rg1
Rd2 40. Rg2 Rd1+ 41. Rg1 41... Rd2 {Game drawn by mutual agreement} 1/2-1/2